First Names of Olympians - Statistics

General Stats
  • This quiz has been taken 29 times
  • The average score is 9 of 21
Answer Stats
First Names Last Names % Correct
Usain Bolt
96%
Michael Phelps
92%
Simone Biles
88%
Jesse Owens
81%
Nadia Comăneci
65%
Katie Ledecky
62%
Lindsey Vonn
62%
Mark Spitz
62%
Carl Lewis
58%
Mikaela Shiffrin
42%
Ian Thorpe
31%
Shaun White
31%
Allyson Felix
27%
Paavo Nurmi
27%
Eliud Kipchoge
23%
Caeleb Dressel
19%
Chloe Kim
12%
Larisa Latynina
8%
Nikolai Andrianov
8%
Kohei Uchimura
4%
Yuzuru Hanyu
4%
No matching quizzes found
Score Distribution
Percent of People with Each Score
Percentile by Number Answered
Your Score History
You have not taken this quiz